000 00621nam a2200229Ia 4500
003 OSt
005 20221007065018.0
006 a|||||r|||| 00| 0
007 ta
008 221006b |||||||| |||| 00| 0 eng d
024 _a10,604
037 _cTextual
040 _aFLL
_cFLL
_beng
041 _2eng
_aeng
082 _aL:5.1,d,N48, L7
100 _aGoel S.L. Au.
_9686543
245 0 _aInternational administration
260 _aDelhi
_bSterling publishers (pvt.) ltd. India
_c1977
300 _a344p
_ccm.
942 _hL:5.1,d,N48, L7
_cTEXL
_2CC
999 _c1136024
_d1136024